Catálogo
 En Linea

Operación América / (Registro nro. 21133)

Detalles MARC
000 -CABECERA
campo de control de longitud fija 00608nam a2200193 a 4500
001 - NÚMERO DE CONTROL
campo de control 000021634
005 - FECHA Y HORA DE LA ÚLTIMA TRANSACCIÓN
campo de control 20200930011406.0
008 - DATOS DE LONGITUD FIJA--INFORMACIÓN GENERAL
campo de control de longitud fija 100909s1964 dr 000 0 spa d
040 ## - FUENTE DE LA CATALOGACIÓN
Centro catalogador/agencia de origen DO-SdBNP
Lengua de catalogación spa
Centro/agencia transcriptor BNPHU
082 ## - NÚMERO DE LA CLASIFICACIÓN DECIMAL DEWEY
Número de clasificación xxx
Número de documento/Ítem D815o
049 ## - FONDOS LOCALES (OCLC)
Fondos de biblioteca BNPD
100 1# - ENTRADA PRINCIPAL--NOMBRE DE PERSONA
Nombre de persona Dubois, Jules
9 (RLIN) 45007
245 10 - MENCIÓN DE TÍTULO
Título Operación América /
Mención de responsabilidad, etc. Jules Dubois ; prólogo Ricardo Castro Beeche.
260 ## - PUBLICACIÓN, DISTRIBUCIÓN, ETC.
Lugar de publicación, distribución, etc. Santo Domingo :
Nombre del editor, distribuidor, etc. Editora del Caribe,
Fecha de publicación, distribución, etc. 1964.
300 ## - DESCRIPCIÓN FÍSICA
Extensión 412 p. ;
Dimensiones 24 cm.
500 ## - NOTA GENERAL
Nota general Incluye notas al pie de las páginas
504 ## - NOTA DE BIBLIOGRAFÍA, ETC.
Nota de bibliografía, etc. Bibliografía : 407-412
700 1# - PUNTO DE ACCESO ADICIONAL--NOMBRE DE PERSONA
Nombre de persona Castro Beeche, Ricardo,
Término indicativo de función/relación pról.
9 (RLIN) 45008
Existencias
Estado de retiro Estado de pérdida No para préstamo Código de colección Localización permanente Ubicación/localización actual Ubicación en estantería Fecha de adquisición Número de inventario Total de préstamos Signatura topográfica completa Código de barras Fecha visto por última vez Precio válido a partir de Tipo de ítem Koha Nota pública Número de copia
    Excluido de préstamo Patrimonio Dominicano Patrimonio Dominicano Patrimonio Dominicano Depósito 09.09.2010 LF1   xxx D815o 21634-10 25.06.2020 25.06.2020 Libro y Folleto Colección Patrimonio Dominicano Perteneció a la biblioteca personal de Germán Emilio Ornes.  
    Excluido de préstamo Patrimonio Dominicano Patrimonio Dominicano Patrimonio Dominicano En catalogación 26.11.2010 LF1   xxx D815o 21634-20 25.06.2020 25.06.2020 Libro y Folleto Colección Patrimonio Dominicano Perteneció a la biblioteca personal de Martínez Boog. e. 2
    Excluido de préstamo Dominicana de Servicio Patrimonio Dominicano Patrimonio Dominicano En catalogación 26.11.2010 LF1   xxx D815o 21634-30 25.06.2020 25.06.2020 Libro y Folleto Colección Dominicana de Servicio   e. 3
  Extraviado Excluido de préstamo Dominicana de Servicio Patrimonio Dominicano Patrimonio Dominicano Extraviado 26.11.2010 LF1   xxx D815o 21634-40 25.06.2020 25.06.2020 Libro y Folleto Colección Dominicana de Servicio   e. 4
  Extraviado Excluido de préstamo Dominicana de Servicio Patrimonio Dominicano Patrimonio Dominicano Extraviado 26.11.2010 LF1   xxx D815o 21634-50 25.06.2020 25.06.2020 Libro y Folleto Colección Dominicana de Servicio   e. 5

Con tecnología Koha